Library of the University of Algiers 3
Ibrahim Sultan Cheibout
شعار جامعة الجزائر 3
مكتبة جامعة الجزائر 3
إبراهيم سلطان شيبوط

اتفاقيات منظمة التجارة العالمية : (رقم التسجيلة. 45523)

تفاصيل مارك
000 -LEADER
fixed length control field 01337nam a2200229Ia 4500
003 - CONTROL NUMBER IDENTIFIER
control field Ost
005 - DATE AND TIME OF LATEST TRANSACTION
control field 20260507075647.0
008 - FIXED-LENGTH DATA ELEMENTS--GENERAL INFORMATION
fixed length control field 260507s9999||||xx |||||||||||||| ||und||
020 ## - INTERNATIONAL STANDARD BOOK NUMBER
International Standard Book Number 1569249960
040 ## - CATALOGING SOURCE
Transcribing agency fsecg
041 ## - LANGUAGE CODE
Language code of text/sound track or separate title ara
082 ## - DEWEY DECIMAL CLASSIFICATION NUMBER
Classification number 382.92
100 ## - MAIN ENTRY--PERSONAL NAME
Personal name لال داس، بهاجيراث
Relator term مؤلف
245 #0 - TITLE STATEMENT
Title اتفاقيات منظمة التجارة العالمية :
Remainder of title المطالب والإختلالات والتغيرات اللازمة /
Statement of responsibility, etc. بهاجيراث لال داس
260 ## - PUBLICATION, DISTRIBUTION, ETC.
Place of publication, distribution, etc. الرياض:
Name of publisher, distributor, etc. دار المريخ للنشر,
Date of publication, distribution, etc. 2005
300 ## - PHYSICAL DESCRIPTION
Extent 188 صفحة؛
Other physical details إيضاحات ؛
Dimensions 21 سم
520 ## - SUMMARY, ETC.
Summary, etc. الإختلالات الرئيسية في نتائج جولة الأورجواي- مسألة انقاذ الحقوق والإلتزامات- النفاذ الى السوق- التدابير التجارية الطارئة- تدابير في مواجهة الممارسات التجارية غي العادية- اتفاقيات في قطاعات بعينها- مسائل تقليدية- بعض القواعد الأخرى- ملخص لأهم المظاهر الإجابية والمثالب والتغيرات.
653 ## - INDEX TERM--UNCONTROLLED
Uncontrolled term الإتفاقيات
653 ## - INDEX TERM--UNCONTROLLED
Uncontrolled term منظمة التجارة العالمية
700 ## - ADDED ENTRY--PERSONAL NAME
Personal name عبد السلام، رضا
Relator term مؤلف ثانوي
942 ## - ADDED ENTRY ELEMENTS (KOHA)
Koha item type كتب
المقتنيات
Withdrawn status Lost status Source of classification or shelving scheme Damaged status Not for loan Home library Current library Date acquired Serial enumeration / chronology Inventory number Total checkouts Full call number Barcode Date last seen Price effective from Koha item type
    Library of Congress Classification   NOT LOAN / إعارة داخلية مكتبة كلية العلوم الإقتصادية والعلوم التجارية وعلوم التسيير مكتبة كلية العلوم الإقتصادية والعلوم التجارية وعلوم التسيير 07/05/2026 الطابق الأرضي 1/1652   أ/1652ن1 1/1652 07/05/2026 07/05/2026 كتب
    Dewey Decimal Classification   Available مكتبة كلية العلوم الإقتصادية والعلوم التجارية وعلوم التسيير مكتبة كلية العلوم الإقتصادية والعلوم التجارية وعلوم التسيير 07/05/2026 الطابق الأرضي 1652/2   أ/1652ن2 1652/2 07/05/2026 07/05/2026 كتب
    Dewey Decimal Classification   Available مكتبة كلية العلوم الإقتصادية والعلوم التجارية وعلوم التسيير مكتبة كلية العلوم الإقتصادية والعلوم التجارية وعلوم التسيير 07/05/2026 الطابق الثاني 1652/3   أ/1652ن3 1652/3 07/05/2026 07/05/2026 كتب

موارد الويب المفتوحة


© University of Algiers 3 All Rights Reserved
|
Implemented by LECHELAH Riad